Environmentálny a regionálny rozvoj Vyšehradských krajín medzinárodná vedecká konferencia : zborník abstraktov

Saved in:
Bibliographic Details
Corporate Author: Environmentálny a regionálny rozvoj Vyšehradských krajín. Medzinárodná vedecká konferencia
Format: Book
Language:Slovak
Czech
English
Published: Skalica Stredoeurópska vysoká škola v Skalici 2008
Subjects:
Tags: Add Tag
No Tags, Be the first to tag this record!

MARC

LEADER 00000nam$a2200000$$$4500
001 0105620
005 20240109070837.8
041 0 |a slo 
041 0 |a cze 
041 0 |a eng 
044 |a SK 
245 1 0 |a Environmentálny a regionálny rozvoj Vyšehradských krajín  |b medzinárodná vedecká konferencia : zborník abstraktov 
264 1 |a Skalica  |b Stredoeurópska vysoká škola v Skalici  |c 2008 
300 |a 40 s. 
610 2 0 |a rozvoj regionálny 
610 2 0 |a environmentalistika 
610 2 0 |a rozvoj trvalo udržateľný 
610 2 0 |a krajiny tranzitívne 
110 2 |a Environmentálny a regionálny rozvoj Vyšehradských krajín. Medzinárodná vedecká konferencia